Historia económica de los Estados Unidos

Gespeichert in:
Bibliographische Detailangaben
1. Verfasser: Faulkner, Harold Underwood (VerfasserIn)
Format: Buch
Sprache:Spanisch
Veröffentlicht: Buenos Aires Nova 1956
Schlagworte:
Tags: Tag hinzufügen
Keine Tags, Fügen Sie den ersten Tag hinzu!

MARC

LEADER 00000nam a2200000 a 4500
001 UCO1503
003 CL-VaPUC
008 000519e19560000AG |||||||||||||||||spa|d
082 0 4 |a 330.973  |b FAU  |2 21 
100 0 |a Faulkner, Harold Underwood  |e author  |9 443645 
245 1 0 |a Historia económica de los Estados Unidos 
300 |a 916 p 
942 |c BK 
945 |d 20000519 00:00:00  |a crobeson 
260 |a Buenos Aires  |b Nova  |c 1956 
650 0 |a Historia económica  |9 307218 
650 7 |a HISTORIA ESTADOUNIDENSE  |2 CL-VaPUC  |9 350346 
650 7 |a COLONIA  |2 CL-VaPUC  |9 443646 
650 0 |a Agricultura  |9 255598 
650 7 |a REVOLUCION AMERICANA  |2 CL-VaPUC  |9 439168 
650 0 |a Guerra civil  |9 320243 
650 0 |a Revolución industrial  |9 309422 
650 0 |a Imperialismo  |9 258264 
650 0 |a Políticas económicas  |9 353940 
650 0 |a Crisis económica   |y 1929  |9 437148 
651 0 |a Estados Unidos  |9 255178 
583 |a last modification  |c 20000519 00:00:00  |k Rodrigo Vera 
999 |c 288116  |d 288114 
952 |0 0  |1 0  |4 0  |6 330_973000000000000_FAU_1956  |7 0  |8 A  |9 335365  |a BIBHIS  |b BIBHIS  |d 2019-11-20  |i 1275003  |o 330.973 FAU 1956  |p 1275003  |r 2025-01-20  |w 2019-11-20  |y BK  |k HIS 
952 |0 0  |1 0  |4 0  |6 330_973000000000000_FAU_1956  |7 0  |8 A  |9 335366  |a BIBHIS  |b BIBHIS  |d 2019-11-20  |i 1275011  |o 330.973 FAU 1956  |p 1275011  |r 2025-01-20  |w 2019-11-20  |y BK  |k HIS